History Quiz

Random History or Clickable Quiz

Art History Figures by Category Quiz Stats

 Plays Quiz Updated Aug 4, 2016

Challenge
Share
Tweet
Embed
Score 0/30 Timer 06:00
8 Plays Today
% Correct
Claude Monet
91.5%
Michelangelo
90.3%
Leonardo da Vinci
90.1%
Auguste Renoir
89.4%
Hokusai
86.7%
Diego Rivera
86%
Hiroshige
83.9%
Frida Kahlo
82.3%
Frank Lloyd Wright
82.3%
Kuroda Seiki
80%
Raphael
80%
Caravaggio
79.9%
David Alfaro Siqueiros
75.8%
Ansel Adams
75.6%
Christopher Wren
75%
% Correct
Imhotep
70%
Vitruvius
69.4%
Annibale Carracci
66.5%
Nicholas Hawksmoor
65.7%
Albrecht Dürer
65.3%
Callicrates
64.9%
Artemisia Gentileschi
63.7%
Dorothea Lange
62.4%
Pieter Bruegel the Elder
61.6%
John Vanbrugh
61.6%
I. M. Pei
58.8%
Berthe Morisot
57%
Hieronymus Bosch
57%
Le Corbusier
42.7%
Brassaï
19%

You're not logged in!

Compare scores with friends on all Sporcle quizzes.
OR
Log In

You Might Also Like...

Show Comments

Extras

Top Quizzes Today


Score Distribution

Your Account Isn't Verified!

In order to create a playlist on Sporcle, you need to verify the email address you used during registration. Go to your Sporcle Settings to finish the process.

Report this User

Report this user for behavior that violates our Community Guidelines.

Details: